[Event "MON"]
[Site "Erdenet"]
[Date "1994.??.??"]
[Round "?"]
[White "Lhagvasuren, Cedendemberel"]
[Black "Ganbaatar, Ishdagva"]
[Result "1/2-1/2"]
[WhiteElo "2280"]
[BlackElo "2175"]

1.e4 e5 2.Nf3 Nc6 3.Bb5 a6 4.Ba4 Nf6 5.O-O Be7 6.Re1 b5 7.Bb3 d6 8.c3 O-O
9.h3 Bb7 10.d4 Re8 11.Nbd2 Bf8 12.Bc2 h6 13.a4 exd4 14.cxd4 Nb4 15.Bb1 c5
16.d5 Nd7 17.Ra3 f5 18.exf5 Nf6 19.Nh2 Bxd5 20.Rg3 Kh8 21.Rxe8 Qxe8 22.Ng4 Nh5
23.Re3 Qf7 24.Nf3 Ba2 25.Be4 Bd5 26.Bb1 Ba2 27.Be4 Bd5  1/2-1/2

[Event "Eupen op act"]
[Site "Eupen"]
[Date "1994.??.??"]
[Round "7"]
[White "Murrey, Jacob"]
[Black "Sonntag, Hans Hubert"]
[Result "1-0"]
[WhiteElo "2525"]
[BlackElo "2405"]

1.e4 e5 2.Nf3 Nc6 3.Bb5 a6 4.Ba4 Nf6 5.O-O Be7 6.Re1 b5 7.Bb3 d6 8.c3 O-O
9.h3 Bb7 10.d4 Re8 11.Nbd2 Bf8 12.d5 Nb8 13.Nf1 Nbd7 14.Bg5 h6 15.Bxf6 Nxf6
16.N3d2 c6 17.dxc6 Bxc6 18.Ne3 Qc7 19.Qf3 Rad8 20.Rad1 Qb7 21.Nf5 Nh7 22.h4 g6
23.Ne3 Kg7 24.Nd5 a5 25.a3 Be7 26.g3 f5 27.exf5 gxf5 28.Nf1 Rf8 29.Nfe3 f4
30.gxf4 Kh8 31.Qh3 Bd7 32.f5 Bf6 33.Kh1 e4 34.Nxf6 Rxf6 35.Rg1 Bc6 36.Qg3 Rff8
37.Rxd6  1-0

[Event "Graz op"]
[Site "Graz"]
[Date "1994.??.??"]
[Round "2"]
[White "Kotz, Heinz Peter"]
[Black "Ibragimov, Ildar"]
[Result "0-1"]
[WhiteElo "2260"]
[BlackElo "2525"]

1.e4 e5 2.Nf3 Nc6 3.Bb5 a6 4.Ba4 Nf6 5.O-O Be7 6.Re1 b5 7.Bb3 d6 8.c3 O-O
9.h3 Bb7 10.d4 Re8 11.Nbd2 Bf8 12.a4 h6 13.Bc2 Qd7 14.d5 Ne7 15.b3 c6 16.c4 g6
17.Nf1 Nh5 18.Ne3 cxd5 19.cxd5 Bg7 20.Ra2 Nf4 21.Kh2 f5 22.Ng1 fxe4 23.Bxe4 Rf8
24.g3 Nh5 25.Ng4 Nf6 26.Nxf6+ Rxf6 27.Nf3 Rc8 28.Qd3 Rc5 29.Ba3 Rxd5 30.Bxd5+ Nxd5
31.axb5 Qf7 32.bxa6 Ba8 33.Ree2 Rxf3 34.Qc4 Nc3 35.Qc8+ Qf8 36.Qe6+ Kh7 37.Bxd6 Nxe2  0-1

[Event "Graz op"]
[Site "Graz"]
[Date "1994.??.??"]
[Round "8"]
[White "Kotz, Heinz Peter"]
[Black "Frosch, Erich"]
[Result "1-0"]
[WhiteElo "2260"]
[BlackElo "2280"]

1.e4 e5 2.Nf3 Nc6 3.Bb5 a6 4.Ba4 Nf6 5.O-O Be7 6.Re1 b5 7.Bb3 d6 8.c3 O-O
9.h3 Bb7 10.d4 h6 11.Nbd2 Re8 12.a4 Bf8 13.Bc2 g6 14.axb5 axb5 15.Rxa8 Qxa8
16.Bd3 b4 17.d5 bxc3 18.bxc3 Ne7 19.c4 Nd7 20.Nb3 c5 21.Qc2 Rb8 22.Bd2 Bc8
23.Na5 Qa7 24.Bc3 Qc7 25.Nd2 Ra8 26.Ra1 Nb6 27.Qb2 Bd7 28.Bc2 f5 29.f4 exf4
30.e5 Bg7 31.e6 Bxc3 32.Qxc3 Be8 33.Nab3 Rxa1+ 34.Qxa1 Nec8 35.Qf1 Qg7 36.Qxf4 Ba4
37.Qe3 Ne7 38.Qd3 Qe5 39.Nf3 Qf4 40.Nbd2 Bxc2 41.Qxc2 Qe3+ 42.Kh1 g5 43.Qb2 Nbc8
44.Nf1 Qf4 45.Qf6 g4 46.hxg4 Qxg4 47.Qxh6 Qg6 48.Qf4 Kg7 49.Ne3 Qh6+ 50.Qxh6+ Kxh6
51.g3 Kg6 52.Nh4+ Kf6 53.Kg2 Nb6 54.Kf3 Nxc4 55.Nxc4 Nxd5 56.Nxd6 Kxe6 57.Ndxf5 Nf6
58.Ne3 Kd6 59.Nhf5+ Ke5 60.Ne7 Ke6 61.Nc6 Kd6 62.Na5 Ke6 63.Nac4 Kf7 64.Nd6+ Kg6
65.Ne4 Nd7 66.Kf4 Kf7 67.Kf5 Kg7 68.Nc4 Nb8 69.Nxc5 Nc6 70.Ne6+ Kg8 71.Kf6 Nb4
72.Nf4 Nc2 73.g4 Nd4 74.Ne5 Nb5 75.Nd5 Nd6 76.Ke6 Nb5 77.g5 Kg7 78.Nf3 Kg6
79.Nf4+ Kg7 80.Nh4 Nd4+ 81.Kd5 Nb5 82.Nf5+ Kg8 83.Ke5 Nc7 84.Kd6 Nb5+ 85.Ke7 Nc3
86.g6 Ne4 87.Nh5  1-0

[Event "Groningen op"]
[Site "Groningen"]
[Date "1994.??.??"]
[Round "5"]
[White "Mencinger, Vojko"]
[Black "Ibragimov, Ildar"]
[Result "0-1"]
[WhiteElo "2365"]
[BlackElo "2480"]

1.e4 e5 2.Nf3 Nc6 3.Bb5 a6 4.Ba4 Nf6 5.O-O Be7 6.Re1 b5 7.Bb3 d6 8.c3 O-O
9.h3 Bb7 10.d4 Re8 11.Nbd2 Bf8 12.d5 Nb8 13.Nf1 Nbd7 14.Ng3 g6 15.Nh2 Kh8
16.Ng4 Ng8 17.a4 h5 18.Ne3 Ngf6 19.Qf3 Bh6 20.c4 Nc5 21.Bc2 b4 22.a5 Bc8
23.Bd2 Rb8 24.Ba4 Rf8 25.Nef1 Bxd2 26.Nxd2 h4 27.Ngf1 Nh5 28.Nb3 Nxb3 29.Bxb3 f5
30.Ne3 fxe4 31.Qxe4 Qg5 32.Bc2 Bf5 33.Nxf5 gxf5 34.Qf3 e4 35.Qe3 Nf4 36.g3 hxg3
37.fxg3 Nxh3+ 38.Kg2 f4 39.Qd4+ Kg8 40.Rxe4 Qxg3+ 41.Kf1 Rbe8 42.Ke2 Qg2+  0-1

[Event "Groningen op"]
[Site "Groningen"]
[Date "1994.??.??"]
[Round "9"]
[White "Vescovi, Giovanni"]
[Black "Ibragimov, Ildar"]
[Result "0-1"]
[WhiteElo "2455"]
[BlackElo "2480"]

1.e4 e5 2.Nf3 Nc6 3.Bb5 a6 4.Ba4 Nf6 5.O-O Be7 6.Re1 b5 7.Bb3 d6 8.c3 O-O
9.h3 Bb7 10.d4 Re8 11.Ng5 Rf8 12.Nf3 Na5 13.Bc2 Nc4 14.b3 Nb6 15.Nbd2 Nfd7
16.Nf1 c5 17.Bb2 Bf6 18.Ne3 g6 19.Qd2 Qc7 20.Rad1 Rad8 21.d5 c4 22.h4 Bg7
23.h5 Bh6 24.g4 Bf4 25.Qe2 Nf6 26.Ng2 Nxg4 27.Nxf4 exf4 28.Qd2 Nf6 29.Qxf4 Nxh5
30.Qh6 Bc8 31.Re3 Bg4 32.Rde1 Bxf3 33.Rxf3 Nd7 34.Rh3 Ne5 35.Bd1 f6 36.Bxh5 gxh5
37.Ree3 Kh8 38.Reg3 Qf7 39.Ba3 Rg8 40.Rxg8+ Rxg8+ 41.Kf1 Qg6 42.Qxg6 hxg6
43.Bxd6 Re8 44.Bc7 Nd7 45.Re3 Rc8 46.Bd6 Kg7 47.f4 Kf7 48.b4 Re8 49.Bc5 g5
50.fxg5 fxg5 51.Bd4 Ne5 52.Re2 g4 53.Kf2 Nd3+ 54.Kg3 Kg6 55.Bb6 Rf8 56.Kh4 Rf3
57.Re3 Rf1 58.d6 Ne5 59.Bd4 Nf3+ 60.Kg3 Kf7 61.Bc5 Ke6 62.Kf4 Rd1 63.Re2 Rd3
64.Rc2 Kf6 65.e5+ Ke6 66.a4 Nxe5 67.axb5 axb5 68.Kg5 Nd7 69.Bd4 Rh3 70.Ra2 g3
71.Kf4 h4 72.Kf3 Rh2 73.Ra5 Rd2 74.Rxb5 g2 75.Rg5 h3 76.Bg1 Rd3+ 77.Ke4 Nf6+
78.Kf4 Nd5+ 79.Kg4 Nxc3 80.Bh2 Nd5 81.b5 Nf6+ 82.Kh4 c3 83.Re5+ Kd7 84.Re7+ Kd8
85.Rc7 Nd5 86.Rc6 Kd7 87.Rc5 Rd1 88.Kxh3 g1=Q 89.Bxg1 Rxg1 90.b6 Kxd6 91.Rb5  0-1

[Event "Guines"]
[Site "Guines"]
[Date "1994.??.??"]
[Round "4"]
[White "Velez, Nestor"]
[Black "Salem, Ihab"]
[Result "1/2-1/2"]
[WhiteElo "2265"]
[BlackElo "2055"]

1.e4 e5 2.Nf3 Nc6 3.Bb5 a6 4.Ba4 Nf6 5.O-O Be7 6.Re1 b5 7.Bb3 d6 8.h3 O-O
9.c3 Bb7 10.d4 Re8 11.Nbd2 Bf8 12.Nf1  1/2-1/2

[Event "EU-ch U18"]
[Site "Hania"]
[Date "1994.??.??"]
[Round "2"]
[White "Tzoumbas, Anastasios"]
[Black "Dervishi, Erald"]
[Result "1/2-1/2"]
[WhiteElo "2415"]
[BlackElo "2315"]

1.e4 e5 2.Nf3 Nc6 3.Bb5 a6 4.Ba4 Nf6 5.O-O Be7 6.Re1 b5 7.Bb3 d6 8.c3 O-O
9.h3 Bb7 10.d4 Re8 11.Nbd2 Bf8 12.d5 Nb8 13.Nf1 Nbd7 14.Ng3 Nc5 15.Bc2 c6
16.b4 Ncd7 17.dxc6 Bxc6 18.Bb3 Nb6 19.Qd3 h6 20.Be3 Rc8 21.Nd2 d5 22.Bxb6 Qxb6
23.exd5 Bxd5 24.Bxd5 Nxd5 25.Qxd5 Rcd8 26.Nc4 Qc7 27.Qe4 bxc4 28.Rad1 Rxd1
29.Rxd1 g6 30.Qd5 Be7 31.Qd7 Rc8 32.Ne4 Kf8 33.Rd5 Qxd7 34.Rxd7 f5 35.Nd6 Rc6
36.Nb7 e4 37.Na5 Rc8 38.Rd4 Bf6 39.Rxc4 Rxc4 40.Nxc4 Bxc3 41.a3 Ke7 42.Kf1 Ke6
43.Ke2 Bd4 44.f3 Kd5 45.Nd2 e3 46.Nb3 f4 47.Kd3 Bb2 48.Nc5 Bxa3 49.Nxa6 Kc6
50.Ke2 Kb6 51.Nb8 Bxb4 52.Nd7+ Kc7 53.Ne5 g5 54.Ng4 Bf8 55.Nf6 Kd6 56.Ne4+ Ke5
57.Kd3 Bb4 58.Ke2 Kd4 59.Nf6 Bf8 60.Nd7 Be7 61.Nb6 Bd8 62.Na4 Ba5 63.Nb2 Bb4
64.Nd3 Bc3 65.Nc1 Kc4 66.Nd3 Bd4 67.h4 Kc3 68.hxg5 hxg5 69.Nc1 Kc4 70.Nd3 Bc3
71.Nc1 Bd2 72.Nd3  1/2-1/2

[Event "SWE-ch"]
[Site "Haparanda"]
[Date "1994.??.??"]
[Round "2"]
[White "Sanden, Stefan"]
[Black "Moberg, Karl Johan"]
[Result "0-1"]
[WhiteElo "2345"]
[BlackElo "2335"]

1.e4 e5 2.Nf3 Nc6 3.Bb5 a6 4.Ba4 Nf6 5.O-O Be7 6.Re1 b5 7.Bb3 O-O 8.c3 d6
9.h3 Bb7 10.d4 Re8 11.Nbd2 Bf8 12.a4 h6 13.Ba2 exd4 14.cxd4 Nb4 15.Bb1 c5
16.d5 Nd7 17.Ra3 f5 18.Rae3 Nf6 19.Nh2 Qd7 20.b3 fxe4 21.Nxe4 Nbxd5 22.Rg3 Nxe4
23.Bxe4 Rxe4 24.Rxe4 Nc3 25.Rxc3 Bxe4 26.Ng4 Qf5 27.Rg3 Kh7 28.Bb2 bxa4 29.Ne3 Qe6
30.f3 Bf5 31.f4 Rb8 32.Nd5 Rxb3 33.Rxb3 axb3 34.Qxb3 Qe1+ 35.Kh2 Qe8 36.Bc3 Be6
37.Qd1 Qf7 38.Qd3+ Qf5 39.Qxf5+ Bxf5 40.Nc7 Bc8 41.g4 Kg6 42.f5+ Kf7 43.Kg3 Be7
44.Nd5 Bd8 45.h4 h5 46.Nf4 hxg4 47.Kxg4 a5 48.h5 a4 49.Bb2 Bf6 50.Ba3 Ba6
51.Nd5 Be2+ 52.Kf4 Bxh5 53.Nxf6 gxf6 54.Ke4 Ke7 55.Kf4 Bd1 56.Ke3 Bc2 57.Kf4 Kd7
58.Kg4 Kc6 59.Bb2 d5 60.Bxf6 d4 61.Bg5 a3 62.f6 Bg6 63.Bc1 a2 64.Bb2 Kd5  0-1

[Event "Hastings9495"]
[Site "Hastings"]
[Date "1994.??.??"]
[Round "?"]
[White "Luther, Thomas"]
[Black "Kachiani Gersinska, Ketino"]
[Result "1/2-1/2"]
[WhiteElo "2510"]
[BlackElo "2410"]

1.e4 e5 2.Nf3 Nc6 3.Bb5 a6 4.Ba4 Nf6 5.O-O Be7 6.Re1 b5 7.Bb3 d6 8.c3 O-O
9.h3 Bb7 10.d4 Re8 11.Nbd2 Bf8 12.a4 h6 13.Bc2 exd4 14.Nxd4 b4 15.Nxc6 Bxc6
16.cxb4 Qb8 17.Ra3 Qxb4 18.Rb3 Qd4 19.Rc3 Bd7 20.Rxc7 Rac8 21.Rxc8 Rxc8 22.Bb3 Bc6
23.Nc4 Qxd1 24.Rxd1 Bxa4 25.Bxa4 Rxc4 26.b3 Rxe4  1/2-1/2

[Event "HUN-chT 9394"]
[Site "?"]
[Date "1994.??.??"]
[Round "?"]
[White "Poor, Istvan"]
[Black "Lengyel, Levente"]
[Result "1/2-1/2"]
[WhiteElo "2280"]
[BlackElo "2385"]

1.e4 e5 2.Nf3 Nc6 3.Bb5 a6 4.Ba4 Nf6 5.O-O Be7 6.Re1 b5 7.Bb3 d6 8.c3 O-O
9.h3 Bb7 10.d3 Na5 11.Bc2 c5 12.Nbd2 Nc6 13.Nf1 Re8 14.Ng3 Bf8 15.Bg5 h6
16.Bd2 d5 17.a4 d4 18.axb5 axb5 19.Rxa8 Qxa8 20.cxd4 cxd4 21.Nf5 Bc8  1/2-1/2

[Event "HUN-chT2 9394"]
[Site "?"]
[Date "1994.??.??"]
[Round "?"]
[White "Molnar, Bela"]
[Black "Horvath, Istvan"]
[Result "1-0"]
[WhiteElo "2330"]
[BlackElo "2230"]

1.e4 e5 2.Nf3 Nc6 3.Bb5 a6 4.Ba4 Nf6 5.O-O Be7 6.Re1 b5 7.Bb3 d6 8.c3 O-O
9.h3 Bb7 10.d4 Qd7 11.Bg5 Rad8 12.Nbd2 h6 13.Bh4 Nh7 14.d5 Na5 15.Bc2 c6
16.b4 Nc4 17.Nxc4 bxc4 18.Ba4 Bxh4 19.Nxh4 g6 20.Qd2 Kg7 21.Rad1 Qc7 22.Bxc6 Bxc6
23.dxc6 Qxc6 24.f4 Nf6 25.Qe3 Rfe8 26.f5 d5 27.fxg6 fxg6 28.exd5 Nxd5 29.Qg3 Qb6+
30.Kh1 Nf4 31.Rxd8 Qxd8 32.Re4 Qd3 33.Qe1 Qd5 34.Rxf4  1-0

[Event "Ikaria op"]
[Site "Ikaria"]
[Date "1994.??.??"]
[Round "9"]
[White "Rytshagov, Mikhail"]
[Black "Cela, Altin"]
[Result "1/2-1/2"]
[WhiteElo "2460"]
[BlackElo "2345"]

1.e4 e5 2.Nf3 Nc6 3.Bb5 a6 4.Ba4 Nf6 5.O-O Be7 6.Re1 b5 7.Bb3 d6 8.c3 O-O
9.h3 Bb7 10.d4 Re8 11.Nbd2 Bf8 12.a4 h6 13.d5 Nb8 14.Qe2 Nbd7 15.Bc2 c6 16.dxc6 Bxc6
17.axb5  1/2-1/2

[Event "IND-ch"]
[Site "?"]
[Date "1994.??.??"]
[Round "5"]
[White "Saravanan, V."]
[Black "Joshi, G B."]
[Result "1/2-1/2"]
[WhiteElo "2420"]
[BlackElo "2320"]

1.e4 e5 2.Nf3 Nc6 3.Bb5 a6 4.Ba4 Nf6 5.O-O Be7 6.Re1 b5 7.Bb3 d6 8.c3 O-O
9.h3 Bb7 10.d4 Re8 11.Ng5 Rf8 12.Nf3 Re8 13.Nbd2 Bf8 14.a4 h6 15.Bc2 exd4
16.cxd4 Nb4 17.Bb1 c5 18.d5 Nd7 19.Ra3 f5 20.Nh2 Kh8 21.Rae3 Nf6 22.b3 fxe4
23.Nxe4 Bxd5 24.Nxf6 Rxe3 25.Rxe3 Qxf6 26.Bd2 Nc6 27.Bc3 Nd4 28.Qd3 Bg8 29.Nf3 Rc8
30.g3 Nxf3+ 31.Rxf3 c4 32.bxc4 bxc4 33.Qd2 Qg5 34.Rf4 Bh7 35.h4 Qe7 36.Bxh7 Kxh7
37.Qc2+ Kg8 38.Qf5 Rc5 39.Qg6 Qd7 40.Kh2 Rc6 41.Rf6 Rc5 42.Rf4 Rc6 43.Rf6 Rc7
44.Rf4  1/2-1/2

[Event "IND-ch"]
[Site "?"]
[Date "1994.??.??"]
[Round "11"]
[White "Muralidharan, MB."]
[Black "Joshi, G B."]
[Result "1/2-1/2"]
[WhiteElo "2420"]
[BlackElo "2320"]

1.e4 e5 2.Nf3 Nc6 3.Bb5 a6 4.Ba4 Nf6 5.O-O Be7 6.Re1 b5 7.Bb3 d6 8.c3 O-O
9.h3 Bb7 10.d4 Re8 11.a4 h6 12.d5 Nb8 13.axb5 axb5 14.Rxa8 Bxa8 15.Na3 c6
16.Nc2 Na6 17.Ne3 Nc5 18.dxc6 Bxc6 19.Bd5 Qa8 20.Bxc6 Qxc6 21.Nf5 Ncxe4 22.Bxh6 gxh6
23.Nxh6+ Kh7 24.Nxf7 Kg7 25.N3g5 Nxg5 26.Nxg5 Rg8  1/2-1/2

[Event "ISL-ch playoff"]
[Site "?"]
[Date "1994.??.??"]
[Round "1"]
[White "Stefansson, Hannes"]
[Black "Hjartarson, Johann"]
[Result "1/2-1/2"]
[WhiteElo "2525"]
[BlackElo "2595"]

1.e4 e5 2.Nf3 Nc6 3.Bb5 a6 4.Ba4 Nf6 5.O-O Be7 6.Re1 b5 7.Bb3 O-O 8.c3 d6
9.h3 Bb7 10.d4 Re8 11.Nbd2 Bf8 12.a4 h6 13.Bc2 exd4 14.cxd4 Nb4 15.Bb1 g6
16.e5 dxe5 17.dxe5 Nh5 18.e6 Rxe6 19.Rxe6 fxe6 20.Ne5 Qd5 21.Be4 Qxe5 22.Bxb7 Rd8
23.axb5 axb5 24.Ra8 Rxa8 25.Bxa8 c6 26.Nf3 Qb8 27.Qd7 Qxa8 28.Ne5 Bg7 29.Qxe6+ Kh8
30.Qxg6 Qa1 31.Nf7+ Kg8 32.Nxh6+ Kh8 33.Nf7+ Kg8 34.Nh6+ Kh8 35.Qe8+ Kh7
36.Qe4+ Kh8 37.Qe8+  1/2-1/2

[Event "Heart of Finland op 4th"]
[Site "Jyvaskyla"]
[Date "1994.??.??"]
[Round "?"]
[White "Erneste, Inguna"]
[Black "Barkhagen, Jonas"]
[Result "1/2-1/2"]
[WhiteElo "2285"]
[BlackElo "2400"]

1.e4 e5 2.Nf3 Nc6 3.Bb5 a6 4.Ba4 Nf6 5.O-O Be7 6.Re1 b5 7.Bb3 d6 8.c3 O-O
9.h3 Bb7 10.d4 Nd7 11.Nbd2 Bf6 12.Nf1 Re8 13.d5 Na5 14.Bc2 Nc4 15.a4 Nf8
16.b3 Nb6 17.axb5 axb5 18.Rxa8 Bxa8 19.Ne3 Ng6 20.Nf5 Ne7 21.Nxe7+ Bxe7 22.Be3 c6
23.dxc6 Bxc6 24.Qa1 Qc7 25.Qa5 Rb8 26.Bd3 Qb7 27.Nd2 Nc8 28.Ra1 Qd7 29.Qa2 Bd8
30.Qc2 Qb7 31.c4 bxc4 32.Bxc4 Bb6 33.Bxb6 Nxb6 34.Ba6 Qd7 35.Nc4 g6 36.Rd1 Nxc4
37.Bxc4 Qb7 38.f3 Qb6+ 39.Qf2 Bb5 40.Qxb6 Rxb6 41.Bxb5 Rxb5 42.Rxd6  1/2-1/2

[Event "Lazne Bohdanec"]
[Site "Lazne Bohdanec"]
[Date "1994.??.??"]
[Round "7"]
[White "Haba, Petr"]
[Black "Blatny, Pavel"]
[Result "1/2-1/2"]
[WhiteElo "2475"]
[BlackElo "2525"]

1.e4 e5 2.Nf3 Nc6 3.Bb5 a6 4.Ba4 Nf6 5.O-O Be7 6.Re1 b5 7.Bb3 O-O 8.c3 d6
9.h3 Bb7 10.d4 Re8 11.Ng5 Rf8 12.Nf3 Re8 13.Nbd2  1/2-1/2

[Event "EUCup f"]
[Site "Lyon"]
[Date "1994.??.??"]
[Round "?"]
[White "Jonasson, Benedikt"]
[Black "Petran, Pal"]
[Result "0-1"]
[WhiteElo "2305"]
[BlackElo "2480"]

1.e4 e5 2.Nf3 Nc6 3.Bb5 a6 4.Ba4 Nf6 5.O-O Be7 6.Re1 b5 7.Bb3 d6 8.c3 O-O
9.h3 Bb7 10.d4 Re8 11.dxe5 Nxe5 12.Nxe5 dxe5 13.Qf3 c5 14.Nd2 c4 15.Bc2 Nd7
16.Nf1 Qc7 17.Ng3 g6 18.Bh6 Bf8 19.Bxf8 Rxf8 20.Qe3 Nc5 21.Rad1 Ne6 22.Rd2 Rad8
23.Red1 Rxd2 24.Rxd2 Rd8 25.Rxd8+ Qxd8 26.b3 Qa5 27.Bb1 cxb3 28.axb3 Qa1
29.Qd3 Kg7 30.b4 Nf4 31.Qc2 h5 32.h4 Bc8 33.Kh2 Be6 34.Nf1 Bc4 35.Nd2 Bd3
36.Qb3 Ne2 37.g3 Nc1 38.Qd5 Qxc3 39.Nf3 Bxb1 40.Nxe5 Ba2  0-1

[Event "CRO-chT"]
[Site "Makarska"]
[Date "1994.??.??"]
[Round "7"]
[White "Galic, Kruno"]
[Black "Messing, Hrvoje"]
[Result "1-0"]
[WhiteElo "2200"]
[BlackElo "2360"]

1.e4 e5 2.Nf3 Nc6 3.Bb5 a6 4.Ba4 Nf6 5.O-O Be7 6.Re1 b5 7.Bb3 O-O 8.c3 d6
9.h3 Bb7 10.d4 Re8 11.a4 Bf8 12.Nbd2 g6 13.Ng5 Re7 14.f4 h6 15.d5 hxg5 16.dxc6 Bxc6
17.fxg5 Nh5 18.Bd5 Qe8 19.Nf1 Rb8 20.Bxc6 Qxc6 21.Qf3 Bg7 22.Ne3 Nf4 23.Ng4 Rbe8
24.g3 Nh5 25.Rd1 Re6 26.axb5 axb5 27.Rf1 f6 28.Qd3 Kh7 29.Qd5 Qd7 30.Kg2 c6
31.Qd3 d5 32.gxf6 Nxf6 33.Nxf6+ Rxf6 34.Rxf6 Bxf6 35.Qe3 Qg7 36.Qc5 dxe4
37.Qxc6 b4 38.Qxe8  1-0

[Event "Malmo"]
[Site "Malmo"]
[Date "1994.??.??"]
[Round "8"]
[White "Hellers, Ferdinand"]
[Black "Almasi, Zoltan"]
[Result "1/2-1/2"]
[WhiteElo "2560"]
[BlackElo "2610"]

1.e4 e5 2.Nf3 Nc6 3.Bb5 a6 4.Ba4 Nf6 5.O-O Be7 6.Re1 b5 7.Bb3 d6 8.c3 O-O
9.h3 Bb7 10.d4 Re8 11.Nbd2 Bf8 12.a4 h6 13.Bc2 exd4 14.cxd4 Nb4 15.Bb1 c5
16.d5 Nd7 17.Ra3 f5 18.g4 f4 19.Nb3 c4 20.Nbd4 Nc5 21.Bxf4 Qf6 22.Bh2 Nbd3
23.Bxd3 cxd3 24.axb5 axb5 25.Rxa8 Bxa8 26.b4 Nxe4 27.Qxd3 Bxd5 28.Qxb5  1/2-1/2

[Event "Wch U20"]
[Site "Matinhos"]
[Date "1994.??.??"]
[Round "?"]
[White "Mariano, Nelson"]
[Black "Votava, Jan"]
[Result "1-0"]
[WhiteElo "2345"]
[BlackElo "2410"]

1.e4 e5 2.Nf3 Nc6 3.Bb5 a6 4.Ba4 Nf6 5.O-O Be7 6.Re1 b5 7.Bb3 d6 8.c3 O-O
9.h3 Bb7 10.d4 Nd7 11.a4 Bf6 12.Na3 b4 13.Nc4 bxc3 14.bxc3 Rb8 15.d5 Ne7
16.Be3 Nb6 17.Rb1 Nxc4 18.Bxc4 c5 19.Re2 Ba8 20.Rxb8 Qxb8 21.Bxa6 Ng6 22.Ra2 Nf4
23.Bf1 Bd8 24.a5 f5 25.Bxf4 fxe4 26.Nxe5 Rxf4 27.Nc6 Qc7 28.a6 Rf8 29.Nxd8 Qxd8
30.a7 e3 31.fxe3 Qg5 32.Qd2 Bxd5 33.Bc4 Bxc4 34.a8=Q Rxa8 35.Rxa8+ Kf7 36.Qxd6 Qxe3+
37.Kh2  1-0

[Event "Amber-rapid 3rd"]
[Site "Monte Carlo"]
[Date "1994.??.??"]
[Round "2"]
[White "Anand, Viswanathan"]
[Black "Ivanchuk, Vassily"]
[Result "1/2-1/2"]
[WhiteElo "2715"]
[BlackElo "2710"]

1.e4 e5 2.Nf3 Nc6 3.Bb5 a6 4.Ba4 Nf6 5.O-O Be7 6.Re1 b5 7.Bb3 d6 8.c3 O-O
9.h3 Bb7 10.d4 Re8 11.Nbd2 Bf8 12.d5 Nb8 13.Nf1 Nbd7 14.Ng3 g6 15.Be3 Nc5
16.Bc2 c6 17.b4 Ncd7 18.dxc6 Bxc6 19.Bb3 Nb6 20.Qd3 Ra7 21.a4 bxa4 22.Bxa4 Bxa4
23.Bxb6 Qxb6 24.Rxa4 Rc7 25.Rea1 Qb5 26.Qe3 Rec8 27.Ra5 Rxc3 28.Rxb5 Rxe3
29.Rxa6 Rec3 30.Rb7 R3c7 31.Rxc7 Rxc7 32.Nxe5 dxe5 33.Rxf6 Bxb4 34.Rb6 Rc1+
35.Kh2 Bd2 36.Nh1 Re1 37.Rb2 Bc3 38.Rc2 Bd4 39.Ng3 h5 40.h4 Kf8 41.f3 Bg1+  1/2-1/2

[Event "Montecatini Terme op"]
[Site "Montecatini Terme"]
[Date "1994.??.??"]
[Round "?"]
[White "Pala, G."]
[Black "Foisor, Cristina Adela B"]
[Result "0-1"]
[WhiteElo "2055"]
[BlackElo "2405"]

1.e4 e5 2.Nf3 Nc6 3.Bb5 a6 4.Ba4 Nf6 5.O-O Be7 6.Re1 b5 7.Bb3 d6 8.c3 O-O
9.h3 Bb7 10.d4 Re8 11.Nbd2 Bf8 12.Bc2 Nb8 13.b3 Nbd7 14.Bb2 g6 15.dxe5 dxe5
16.Qe2 Nh5 17.g3 Qf6 18.Kh2 Rad8 19.a4 Qb6 20.axb5 axb5 21.Nf1 Nhf6 22.N3d2 Nc5
23.b4 Ne6 24.Ra5 c6 25.Nb3 Nd7 26.Bc1 Qc7 27.Be3 Nb6 28.Nfd2 Na4 29.Nb1 Nxc3
30.Nxc3 Bxb4 31.Ra7 Bxc3 32.Rb1 Ra8 33.Rxa8 Rxa8 34.Bd3 Qe7 35.Rc1 Bb4 36.Bc4 bxc4
37.Nd4 exd4 38.Rd1 Nc5 39.f3 Kg7 40.Rc1 h5 41.h4 Ra3 42.Rc2 Bc3 43.Ra2 d3  0-1

[Event "Montecatini Terme op"]
[Site "Montecatini Terme"]
[Date "1994.??.??"]
[Round "?"]
[White "Wagman, Stuart"]
[Black "Foisor, Cristina Adela B"]
[Result "0-1"]
[WhiteElo "2210"]
[BlackElo "2405"]

1.e4 e5 2.Nf3 Nc6 3.Bb5 a6 4.Ba4 Nf6 5.O-O Be7 6.Re1 b5 7.Bb3 d6 8.c3 O-O
9.h3 Bb7 10.d4 Re8 11.Nbd2 Bf8 12.Bc2 Nb8 13.b3 Nbd7 14.d5 c6 15.c4 b4 16.Nf1 a5
17.Ng3 g6 18.a4 bxa3 19.Rxa3 Qc7 20.Bd2 cxd5 21.cxd5 Rec8 22.Bd3 Nc5 23.Bc4 Be7
24.Bg5 Qd8 25.Qe2 Rcb8 26.Bd2 h5 27.Rea1 a4 28.bxa4 Nfd7 29.a5 Ba6 30.Bxa6 Nxa6
31.Nxh5 gxh5 32.Nd4 exd4 33.Qxh5 Bf6 34.Bh6 Nf8 35.Rg3+ Ng6 36.Rxg6+ fxg6
37.Qxg6+ Kh8 38.Ra3 Rb1+ 39.Kh2 Be5+ 40.f4 Qe8 41.Qf5 d3  0-1

[Event "Moscow-ch"]
[Site "Moscow"]
[Date "1994.??.??"]
[Round "?"]
[White "Gelman, Alexander"]
[Black "Guliev, Sarhan"]
[Result "1-0"]
[WhiteElo "2400"]
[BlackElo "2490"]

1.e4 e5 2.Nf3 Nc6 3.Bb5 a6 4.Ba4 Nf6 5.O-O Be7 6.Re1 b5 7.Bb3 d6 8.c3 O-O
9.h3 Bb7 10.d3 Na5 11.Bc2 c5 12.Nbd2 Nc6 13.Nf1 Qc7 14.Bg5 h6 15.Bh4 Nh7
16.Bg3 Ng5 17.Ne3 Nxf3+ 18.Qxf3 Bg5 19.Nf5 Ne7 20.h4 Nxf5 21.hxg5 Nxg3 22.gxh6 gxh6
23.Qxg3+ Kh7 24.f4 Rg8 25.Qh4 f5 26.Re2 Rg4 27.Qh5 Rxf4 28.exf5 Rg8 29.d4 e4
30.Rf1 Rxf1+ 31.Kxf1 Rg5 32.Qh3 d5 33.Rf2 Bc8 34.dxc5 Qxc5 35.g4 b4 36.Qg3 bxc3
37.bxc3 Bd7 38.a4 Qe7 39.c4 Bc6 40.f6 Qf7 41.Qd6 Bb7 42.c5 Bc8 43.Bd1 Rg8
44.c6 Be6 45.Qf4 Qg6 46.c7 Rf8 47.Qd6 Qf7 48.g5 hxg5 49.Bh5  1-0

[Event "Moscow ol (Men)"]
[Site "Moscow"]
[Date "1994.??.??"]
[Round "5"]
[White "Kveinys, Aloyzas"]
[Black "Stefansson, Hannes"]
[Result "1/2-1/2"]
[WhiteElo "2510"]
[BlackElo "2560"]

1.e4 e5 2.Nf3 Nc6 3.Bb5 a6 4.Ba4 Nf6 5.O-O Be7 6.Re1 b5 7.Bb3 d6 8.c3 O-O
9.h3 Bb7 10.d4 Re8 11.Nbd2 Bf8 12.d5 Nb8 13.Nf1 Nbd7 14.Ng3 Nc5 15.Bc2 a5
16.Be3 c6 17.c4 Qc7 18.dxc6 Bxc6 19.Nd2 Rab8 20.b3 g6 21.Qe2 bxc4 22.Nxc4 Nfxe4
23.Nxe4 Nxe4 24.Bxe4 Bxe4 25.Bb6 Qb7 26.Qxe4 d5 27.Qg4 dxc4 28.Bxa5 cxb3
29.axb3 h5  1/2-1/2

[Event "Moscow ol (Men)"]
[Site "Moscow"]
[Date "1994.??.??"]
[Round "7"]
[White "Ivanchuk, Vassily"]
[Black "Hjartarson, Johann"]
[Result "1-0"]
[WhiteElo "2695"]
[BlackElo "2585"]

1.e4 e5 2.Nf3 Nc6 3.Bb5 a6 4.Ba4 Nf6 5.O-O Be7 6.Re1 b5 7.Bb3 d6 8.c3 O-O
9.h3 Bb7 10.d4 Re8 11.Nbd2 Bf8 12.d5 Nb8 13.Nf1 Nbd7 14.Ng3 Nc5 15.Bc2 a5
16.a4 c6 17.axb5 cxd5 18.exd5 Bxd5 19.Bg5 Bc4 20.Nd2 Bxb5 21.Nde4 d5 22.Bxf6 gxf6
23.Qg4+ Kh8 24.Nxc5 Bxc5 25.Bxh7 Qb6 26.Nf5  1-0

[Event "CZE-ch (Women)"]
[Site "Nymburk"]
[Date "1994.??.??"]
[Round "8"]
[White "Pallova, Romana"]
[Black "Pallova, Martina"]
[Result "0-1"]
[WhiteElo "2000"]
[BlackElo "2045"]

1.e4 e5 2.Nf3 Nc6 3.Bb5 a6 4.Ba4 Nf6 5.O-O Be7 6.Re1 b5 7.Bb3 d6 8.c3 O-O
9.h3 Bb7 10.d4 Re8 11.Ng5 Rf8 12.Nf3 Re8 13.Ng5 Rf8 14.Nf3 h6 15.Nbd2 Re8
16.Nf1 Bf8 17.Ng3 exd4 18.cxd4 Nb4 19.a3 Nc6 20.Bc2 b4 21.b3 a5 22.a4 Nb8
23.Bb2 Nbd7 24.e5 Nd5 25.Qd3 g6 26.e6 Nf4 27.exf7+ Kxf7 28.Qd2 Rxe1+ 29.Rxe1 Nxh3+
30.gxh3 Bxf3 31.Qd3 Qf6 32.d5 Ne5 33.Bxe5 dxe5 34.Qc4 Bd6 35.Be4 Rf8 36.Qd3 Kg7  0-1

[Event "CRO-ch"]
[Site "Porec"]
[Date "1994.??.??"]
[Round "?"]
[White "Rogic, Davor"]
[Black "Lazovic, Gordan"]
[Result "1-0"]
[WhiteElo "2390"]
[BlackElo "2305"]

1.e4 e5 2.Nf3 Nc6 3.Bb5 a6 4.Ba4 Nf6 5.O-O Be7 6.Re1 b5 7.Bb3 d6 8.c3 O-O
9.h3 Bb7 10.d4 Qd7 11.Nbd2 Rad8 12.Bc2 Rfe8 13.d5 Nb8 14.b3 c6 15.c4 Qc7
16.Nf1 Rc8 17.Bd3 Nbd7 18.Ng3 g6 19.Be3 bxc4 20.bxc4 a5 21.Rc1 Ba6 22.Qd2 Bf8
23.Bg5 Bg7 24.Nh4 Nc5 25.Bb1 Rb8 26.Bh6 Bh8 27.Nhf5 Rb4 28.dxc6 Qxc6 29.Nxd6 Rd8
30.Ngf5 Qc7 31.Rcd1 Ne6 32.a3 Rxb1 33.Rxb1 gxf5 34.c5 Nxe4 35.Rxe4 fxe4 36.Rb3 Bg7
37.Rg3 Qe7 38.Bxg7 Nxg7 39.Qh6 f6 40.Nf5 Rd1+ 41.Kh2  1-0

[Event "St Affrique op"]
[Site "St Affrique"]
[Date "1994.??.??"]
[Round "?"]
[White "Boudre, Jean Pierre"]
[Black "Jeanjean, Dominique"]
[Result "1-0"]
[WhiteElo "2400"]
[BlackElo "2110"]

1.e4 e5 2.Nf3 Nc6 3.Bb5 a6 4.Ba4 Nf6 5.O-O Be7 6.Re1 b5 7.Bb3 d6 8.c3 O-O
9.h3 Bb7 10.d4 Re8 11.Nbd2 Bf8 12.d5 Na5 13.Bc2 c6 14.b4 Nc4 15.Nxc4 bxc4
16.dxc6 Bxc6 17.a4 Qc7 18.Bg5 Nd7 19.Nd2 Bb7 20.Nf1 a5 21.Ne3 axb4 22.cxb4 d5
23.Nxd5 Bxd5 24.exd5 Bxb4 25.Bxh7+ Kxh7 26.Qb1+ Kg8 27.Qxb4 Rab8 28.Qd2 Rb3
29.Rec1 Reb8 30.a5 Qc5 31.Be3 Qb5 32.a6 Ra8 33.Qa5 c3 34.d6 Qxa5 35.Rxa5 f6
36.a7 Kf7 37.Ra6 Ke6 38.Rc6 f5 39.f3 c2 40.Bf2 Rb1 41.Rxc2 Rxc1+ 42.Rxc1 Kxd6
43.Kf1  1-0